000 01675cam a22003978a 4500
001 15314799
005 20080606161259.0
008 080530s2008 enk b 001 0 eng
010 _a2008022170
020 _a9781405182874 (pbk. : alk. paper)
035 _a(DNLM)101475428
040 _aDNLM/DLC
_cDLC
042 _apcc
050 0 0 _aRT42
_b.R68 2008b
060 1 0 _aWY 100
_bR8887a 2008
082 0 0 _a610.73
_222
_bROY NR
245 0 4 _aThe Royal Marsden Hospital Manual of Clinical Nursing Procedures /
_cedited by Lisa Dougherty and Sara Lister.
246 3 0 _aManual of clinical nursing procedures
250 _a7th ed. (student ed.)
260 _aChichester, West Sussex ;
_aMalden, MA :
_bWiley-Blackwell,
_cc2008.
263 _a0808
300 _axxxviii, 1241 p. ;
_bill. ;
_c18 cm.
504 _aIncludes bibliographical references and index.
650 0 _aNursing
_xTechnique
_vHandbooks, manuals, etc.
650 1 2 _aNursing Care
_xmethods.
650 2 2 _aNursing Process.
650 2 2 _aNursing Theory.
650 2 2 _aPatient Care Planning.
700 1 _aDougherty, Lisa.
700 1 _aLister, Sara E.
710 2 _aRoyal Marsden Hospital (London, England)
942 _2ddc
_cBB
999 _c10867
_d10867